Länder, die am nächsten zu Indien sind - Statistiken

Allgemein
  • Dieses Quiz wurde 128 mal gespielt
  • Das Durchschnittsergebnis liegt bei 17 aus 20
Antwortstatistiken
km Land Meilen % Korrekt
0 China 0
98%
0 Pakistan 0
97%
0 Nepal 0
95%
1 Sri Lanka 1
95%
0 Bangladesch 0
93%
211 Afghanistan 131
90%
0 Myanmar 0
88%
453 Thailand 282
87%
0 Bhutan 0
86%
687 Laos 427
86%
613 Iran 381
83%
525 Kirgisistan 326
82%
277 Tadschikistan 172
82%
733 Turkmenistan 455
82%
721 Vietnam 448
81%
617 Usbekistan 384
80%
808 Kasachstan 502
78%
632 Malaysia 393
73%
130 Malediven 81
73%
157 Indonesien 98
66%
Keine übereinstimmenden Quizze gefunden
Verteilung der Resultate
Anzahl Personen mit jedem Resultat
Perzentil nach korrekt beantworteten Fragen
Ihre Resultats-Entwicklung
Sie haben dieses Quiz noch nicht gespielt